000
002830000a22000970004500
100
1
_a
Bonilla A., Plutarco
245
1
0
_a
Justificación y justicia en el testimonio de Isaías
300
_a
Vol. 6, Num 1 (Enero-Junio, 1986), Páginas 57-58
773
0
_t
Vida y pensamiento
942
_c
ANA
999
_c
52759
_d
52759